• 首页
  • 本馆介绍
  • 公告通知
  • 最新文献
  • 馆藏检索
  • 电子资源
  • 读者导购
  • 参考咨询
  • 我的图书馆
  • 登录
  • 详细信息显示
  • 放入我的书架
  • 预约/预借图书
  • 作者相关作品
  • 分类相关作品
  • 丛书相关作品
  • 出版社相关作品

书目信息

  • 表格格式
  • 工作单格式
  • 卡片格式
题名:
绿色化学的评估准则
    
 
作者: 单永奎 编著
分册:  
出版信息: 北京   中国石化出版社  2006
页数: 190页
开本: 23cm
丛书名: 绿色化学化工丛书
单 册:
中图分类: X78
科图分类:
主题词: 化学工业--无污染技术--评估 , 化学工业 , 无污染技术
电子资源:
ISBN: 7-80229-084-8
000 01214oam2 2200337 450
001 003234669
005 20070807164905.46
010    @a7-80229-084-8@dCNY35.00
035    @a003234669
100    @a20060104d2005 em y0chiy0110 ea
101 0  @achi
102    @aCN@b110000
105    @ay z 000yy
106    @ar
200 1  @a绿色化学的评估准则@Alv se hua xue de ping gu zhun ze@f单永奎编著@Fdan yong kui bian zhu
210    @a北京@c中国石化出版社@d2006
215    @a190页@d23cm
225 0  @a绿色化学化工丛书@Alu^ se hua xue hua gong cong shu
300    @a国家自然科学基金资助出版 “十一五”国家重点图书出版项目
308    @a丛书原题:绿色化学与化工丛书
312    @a封面英文题名:Assessment principles for green chemistry
330    @a本书重点介绍绿色化学评估的现状、科学基础,基本原理及其方法学。对化学元素原料、化学反应过程和化学品的绿色程度评估进行了系统的描述。
461  0 @1001012002054364@12001 @a绿色化学化工丛书
510 1  @aAssessment principles for green chemistry@zeng
606 0  @a化学工业@x无污染技术@x评估
606 0  @a化学工业
606 0  @a无污染技术
690    @aX78@v4
701  0 @a单永奎@Ashan yong kui@4编著
801  0 @aCN@bNLC@c20070807
905    @dX78@e127@f2
    
    绿色化学的评估准则/单永奎编著.-北京:中国石化出版社,2006
    190页;23cm.-(绿色化学化工丛书)
    国家自然科学基金资助出版 “十一五”国家重点图书出版项目
    
    ISBN 7-80229-084-8:CNY35.00
    本书重点介绍绿色化学评估的现状、科学基础,基本原理及其方法学。对化学元素原料、化学反应过程和化学品的绿色程度评估进行了系统的描述。
●
相关链接 在E读中查询图书 在五车中查询图书 在当当中查询图书 在豆瓣中查询图书


正题名:绿色化学的评估准则     索取号:X78/127         预约/预借

序号 登录号 条形码 馆藏地/架位号 状态 备注
1 0853075   208530758   第二样本阅览室/ [索取号:X78/127] 在馆    
2 0853076   208530767   第三借阅区/ [索取号:X78/127] 在馆    
唐山师范学院图书馆 欢迎您!
大连网信软件有限公司© 版权所有